000 01620nam a2200517 i 4500
001 35742
003 KOSZ 005
005 20220216080203.0
008 220216s1999 pl a f 001 0 pol
015 _aUWD 1999/8220
020 _a8371970765
035 _a991010523419705066
035 _a(PL-WaBN)b12868905-48omnis_nlop
035 _ab12868905
035 _a(OCoLC)749554579
035 _a(PL)b0000001286890
035 _a(EXLNZ-48OMNIS_NETWORK)9910104084505606
040 _aWA N
_cWA N
_dKOSZ 005/RW
041 1 _apol
_heng
046 _k1999
080 _a004.7
080 _a(07)
100 1 _aSportack, Mark A.
_eAutor
245 1 0 _aSieci komputerowe /
_cMark Sportack ; [tłumaczenie Zbigniew Gala].
260 _aGliwice :
_b"Helion",
_ccopyright 1999.
300 _a611 stron :
_brysunki, wykresy ;
_c25 cm.
336 _aTekst
_btxt
_2rdacontent
337 _aBez urządzenia pośredniczącego
_bn
_2rdamedia
338 _aWolumin
_bnc
_2rdacarrier
380 _aKsiążki
380 _aPublikacje fachowe
380 _aPublikacje dydaktyczne
388 1 _a1901-2000
388 1 _a1989-2000
490 1 _aKsięga Eksperta
504 _aIndeks.
650 7 _aSieć komputerowa
_2DBN
655 7 _aPodręcznik
_2DBN
658 _aInformatyka i technologie informacyjne
700 1 _aGala, Zbigniew
_eTłumaczenie
710 2 _aHelion
_4pbl
830 0 _aKsięga Eksperta
856 _uhttp://koha.tu.koszalin.pl/cgi-bin/koha/opac-detail.pl?biblionumber=35742
_yKatalog online BPK
942 _2UKD
_cKS
999 _c35742
_d35742